Carregant...

കുഞ്ഞേ നീ കരയാതെ /

Dades bibliogràfiques
Autor principal: Thiongo,Ngugi Wa
Altres autors: Vijayan,Kodencheri (Traductor)
Format: Printed Book
Idioma:Malayalam
Publicat: Thrissur: Green Books, 2018.
Matèries:
LEADER 00655nam a22001817a 4500
008 191231b ||||| |||| 00| 0 mal d
999 |c 347100  |d 347100 
020 |a 9789387357570 
082 |a 896.3T2 
100 |a Thiongo,Ngugi Wa 
245 |a കുഞ്ഞേ നീ കരയാതെ /  |c Ngugi Wa Thiongo 
260 |a Thrissur:  |b Green Books,  |c 2018. 
300 |a 160p. 
653 |a Novel-African Literature 
700 |a Vijayan,Kodencheri  |e Translator 
942 |c BK 
246 |a Kunje nee karayathe 
952 |0 0  |1 0  |2 ddc  |4 0  |6 896_000000000000000_3T2_KUN  |7 0  |9 399897  |a MAL  |b MAL  |c ST1  |d 2019-12-31  |g 190.00  |i 40688  |l 0  |o 896.3T2 KUN  |p MAL40688  |r 2019-12-31  |w 2019-12-31  |y BK